Wales 2022 FIFA World Cup Squad - Statistics

General Stats
  • This quiz has been taken 1,194 times
    1,151 since last reset
  • The average score is 13 of 27
Answer Stats
# Position Player % Correct
11 FW © Gareth Bale
99%
10 MF Aaron Ramsey
80%
1 GK Wayne Hennessey
74%
4 DF Ben Davies
67%
12 GK Danny Ward
67%
21 GK Adam Davies
66%
20 FW Daniel James
66%
3 DF Neco Williams
65%
18 MF Jonny Williams
61%
13 FW Kieffer Moore
59%
7 MF Joe Allen
56%
9 FW Brennan Johnson
55%
15 DF Ethan Ampadu
55%
8 MF Harry Wilson
52%
6 DF Joe Rodon
50%
14 DF Connor Roberts
45%
5 DF Chris Mepham
43%
Manager Rob Page
39%
2 DF Chris Gunter
32%
16 MF Joe Morrell
25%
26 MF Matthew Smith
24%
24 DF Ben Cabango
23%
25 MF Rubin Colwill
23%
22 MF Sorba Thomas
21%
19 FW Mark Harris
17%
17 DF Tom Lockyer
17%
23 MF Dylan Levitt
15%
No matching quizzes found
Score Distribution
Percent of People with Each Score
Percentile by Number Answered
Your Score History
You have not taken this quiz since the last reset